Bản lĩnh trong lãnh đạo kinh doanh thời nay Tiềm năng triển khai thuật thành công trong doanh nghiệp
Đề cập đến bản lĩnh trong lãnh đạo; cái tâm của nhà lãnh đạo; những người bản lĩnh trên doanh trường...
Đã lưu trong:
| Tác giả chính: | |
|---|---|
| Định dạng: | Sách |
| Năm xuất bản: |
Đồng Tháp
Nxb Đồng Tháp
1996
|
| Chủ đề: | |
| Tags: |
Thêm thẻ
Không có thẻ, Hãy là người đầu tiên gắn thẻ bản ghi này!
|
| LEADER | 00972nam a2200193 4500 | ||
|---|---|---|---|
| 082 | |a 338.7 |b PH104C | ||
| 100 | |a Phạm Công Sơn | ||
| 245 | |a Bản lĩnh trong lãnh đạo kinh doanh thời nay |c Phạm Công Sơn |b Tiềm năng triển khai thuật thành công trong doanh nghiệp | ||
| 260 | |a Đồng Tháp |b Nxb Đồng Tháp |c 1996 | ||
| 300 | |a 249 tr. |c 19 cm | ||
| 520 | |a Đề cập đến bản lĩnh trong lãnh đạo; cái tâm của nhà lãnh đạo; những người bản lĩnh trên doanh trường... | ||
| 653 | |a Kinh tế | ||
| 653 | |a Kinh doanh | ||
| 653 | |a doanh nghiệp | ||
| 653 | |a thành công | ||
| 942 | |2 ddc |c STK0 | ||
| 999 | |c 9792 |d 9792 | ||
| 952 | |0 0 |1 0 |2 ddc |4 0 |6 338_700000000000000_PH104C |7 0 |8 300 |9 77393 |a qbu |b qbu |c D2 |d 2015-06-11 |g 19000 |o 338.7 PH104C |p 9428.c1 |r 0000-00-00 |w 2015-06-11 |y STK0 | ||
| 952 | |0 0 |1 0 |2 ddc |4 0 |6 338_700000000000000_PH104C |7 0 |8 300 |9 77394 |a qbu |b qbu |c D2 |d 2015-06-11 |g 19000 |o 338.7 PH104C |p 9428.c2 |r 0000-00-00 |w 2015-06-11 |y STK0 | ||